000
00320 a2200133 4500
001
155745
040
_c
Escola São Tomás de Aquino
100
_a
SOUZA, Maurício
240
1
0
_a
O pastorzinho mentiroso
_l
por
245
1
0
_a
O pastorzinho mentiroso
440
1
_a
Girassol
697
_a
*LITERATURA INFANTIL
942
_c
BK
999
_c
155745
_d
155745